Archives of Disease in Childhood (Record no. 241)
[ view plain ]
| 000 -LEADER | |
|---|---|
| campo de control de longitud fija | 00819nas a2200253 i 4500 |
| 001 - NÚMERO DE CONTROL | |
| campo de control | 241 |
| 003 - IDENTIFICADOR DE NÚMERO DE CONTROL | |
| campo de control | ES-MaACL |
| 005 - FECHA Y HORA DE LA ÚLTIMA TRANSACCIÓN | |
| campo de control | 20250217133704.0 |
| 007 - CAMPO FIJO DE DESCRIPCIÓN FÍSICA--INFORMACIÓN GENERAL | |
| campo de control de longitud fija | t| |
| 008 - DATOS DE LONGITUD FIJA--INFORMACIÓN GENERAL | |
| campo de control de longitud fija | 950801c1926 xxk | | 1 ||ng d |
| 080 ## - NÚMERO DE LA CLASIFICACIÓN DECIMAL UNIVERSAL | |
| Número de la Clasificación Decimal Universal | 44 |
| 245 00 - MENCIÓN DEL TÍTULO | |
| Título | Archives of Disease in Childhood |
| Resto del título | : incorporating the british journal of children's diseases / |
| Mención de responsabilidad, etc. | dir. Allan Moncrieff, Richard W.B. Ellis. |
| 260 ## - PUBLICACIÓN, DISTRIBUCIÓN, ETC. | |
| Lugar de publicación, distribución, etc. | London : |
| Nombre del editor, distribuidor, etc. | British Medical Association, |
| Fecha de publicación, distribución, etc. | 1926- ( |
| Fabricante | William Clowes) |
| 300 ## - DESCRIPCIÓN FÍSICA | |
| Extensión | 3 v. : |
| Otras características físicas | grab ; |
| Dimensiones | 27 cm. |
| 310 ## - PERIODICIDAD ACTUAL | |
| Periodicidad actual | Trimestral |
| 362 1# - FECHAS DE PUBLICACIÓN Y/O DESIGNACIÓN SECUENCIAL | |
| Fecha de publicación y/o designación secuencial | 1926- |
| 650 14 - PUNTO DE ACCESO ADICIONAL DE MATERIA--TÉRMINO DE MATERIA | |
| Término de materia o nombre geográfico como elemento de entrada | Patología. |
| 9 (RLIN) | 15884 |
| 700 1# - ENTRADA AGREGADA--NOMBRE PERSONAL | |
| Nombre de persona | Moncrieff, Allan, |
| Término indicativo de función/relación | |
| 9 (RLIN) | 227407 |
| 700 1# - ENTRADA AGREGADA--NOMBRE PERSONAL | |
| Nombre de persona | Ellis, Richard W.B., |
| Término indicativo de función/relación | |
| 9 (RLIN) | 227408 |
| 710 2# - ENTRADA AGREGADA--NOMBRE DE ENTIDAD CORPORATIVA | |
| Nombre de entidad corporativa o nombre de jurisdicción como elemento de entrada | British Medical Association (Londres) |
| 9 (RLIN) | 2245 |
| 852 ## - LOCALIZACIÓN | |
| Ubicación | ES-MaACL |
| Número de control de estantería | Hem-102 |
| 866 #0 - MENCIÓN TEXTUAL DE FONDOS--UNIDAD BIBLIOGRÁFICA BÁSICA | |
| Fondos | 1945-47. |
| Estatus retirado | Estado de pérdida | Estado de daño | No para préstamo | Colección | Biblioteca de origen | Biblioteca actual | Ubicación en estantería | Fecha de adquisición | Fuente de adquisición | Total de préstamos | Signatura topográfica completa | Código de barras | Visto por última vez | Precio de reemplazo | Tipo de ítem Koha |
|---|---|---|---|---|---|---|---|---|---|---|---|---|---|---|---|
| Periódicos y Revistas | Biblioteca del Ateneo de Madrid | Biblioteca del Ateneo de Madrid | Depósito 1 | 17/01/2008 | Hem-102 | 1000243 | 23/02/2023 | 23/02/2023 | Revista |
